000 00566nam a22001937a 4500
003 OSt
005 20160203145116.0
008 160203b xxu||||| |||| 00| 0 eng d
020 _a0071152245
040 _cDDC
082 _a658.3 CAS1998
100 _aCascio,F.Wayne;
_95963
245 _aManaging Human Resources;
_bProductivity,Quality of Work Life ,Profits.
260 _aBoston.
_bMcGraw-Hill.
_c1998
300 _axxiii,720p;
_bill;
_c30cm
504 _aIncludes index Glossary and Credits.
650 _aHuman Resourse Management.
_95979
942 _2ddc
_cSLOAN
999 _c2941
_d2941